| 000 | 00759cab a2200229 4500 | ||
|---|---|---|---|
| 001 | ABS53212 | ||
| 008 | 090401t1995 xxu||||| |||| 00| 0 eng d | ||
| 035 | _a(Sirsi) u2676 | ||
| 041 | _aeng | ||
| 100 | _aCatalano, A. | ||
| 245 | _aProperty paper chase | ||
| 260 | _c1995 | ||
| 350 | _a0 | ||
| 490 |
_aEstates Gazette _v(9526) 1 July 1995, 52(1) |
||
| 520 | _aExamines the performance of PICS (Property Income Certificates) one year after their launch by BZW and the plan to launch PICS2 which may be listed on the Stock Exchange. | ||
| 650 | _aPICS2 | ||
| 650 | _aPROPERTY INCOME CERTIFICATES | ||
| 650 | _aSTOCK EXCHANGE | ||
| 690 | _aPROPERTY-COMMERCIAL PROPERTY-COMMERCIAL PROPERTY FINANCE AND INVESTMENT | ||
| 942 | _n0 | ||
| 948 | _c04/03/1997 | ||
| 999 |
_c1613 _d1613 |
||